| 000 | 00486nam a2200181 u 4500 | ||
|---|---|---|---|
| 001 | 000517585 | ||
| 003 | AM-YeHGA | ||
| 005 | 20250617135040.0 | ||
| 008 | 070123s1964 pl r 000 0 pol d | ||
| 040 | _aAM-YeHGA | ||
| 041 | 0 | _apol | |
| 100 | 1 | _aGuiraud, Pierre | |
| 245 | 1 | 0 |
_aZagadnienia i metody statystyki jezykoznawczej / _cPierre Guiraud. |
| 260 |
_aWarszawa : _bPanstwowe Wydawn. Naukowe., _c1964. |
||
| 300 |
_a159 p. : _bill. |
||
| 650 | 1 | 4 | _aLinguistics |
| 090 | _c194204 | ||
| 999 |
_c192733 _d192733 |
||